00501cam a22001572 4500001001100000005001700011008004100028020002800069040001500097050001800112245008200130260004100212300001600253650004400269700003000313000000469320151217151938.0070528s xx 000 0 eng d a0851995438 :cGBP 50.00 aKABUcKABU 0aQK615.7b.T7610aTropical mycology :bvolume 2, micomycetes /ced. by Roy Watling ... [et al.] aWallingford, England :bCABI,c2002. axiv, 203 p. 0aFungixTropicsxCongresses.@00001553971 aWatling, Roy.@0000155398